Litigación administrativa

محفوظ في:
التفاصيل البيبلوغرافية
المؤلف الرئيسي: Gifreu Font, Judith (autora)
التنسيق: كتاب
اللغة:الإسبانية
منشور في: Valencia, España Tirant Lo Blanch 2018
سلاسل:Manuales
الموضوعات:
الوسوم: إضافة وسم
لا توجد وسوم, كن أول من يضع وسما على هذه التسجيلة!

MARC

LEADER 00000cam a2200000 a 4500
001 UCC9168
003 CL-VaPUC
005 20210312001427.0
008 190906e20180000sp |||||||||||||||||spa|d
999 |c 375362  |d 375360 
020 |a 9788491696742 
040 |c Pontificia Universidad Católica de Valparaíso 
082 0 4 |a 347.066 GIF 2018  |2 21 
100 |a Gifreu Font, Judith  |e autora  |9 338 
245 1 0 |a Litigación administrativa 
260 |a Valencia, España  |b Tirant Lo Blanch  |c 2018 
300 |a 694 páginas  
440 |a Manuales  |9 856537 
583 |a last modification  |c 20190906 13:31:00  |k Rodrigo Vera 
650 7 |a LITIGIOS  |2 CL-VaPUC  |9 381391 
650 0 |a Derecho administrativo  |9 254851 
852 |a BIBDER 
942 |c BK  |2 ddc 
945 |d 20190906 13:31:00  |a dcastane 
952 |0 0  |1 0  |2 ddc  |3 erb  |4 0  |6 347_066000000000000_GIF_2018  |7 0  |8 A  |9 494322  |a BIBDER  |b BIBDER  |d 2019-09-02  |e 22  |g 59500.00  |i 5560594  |o 347.066 GIF 2018  |p 5560594  |r 2023-01-25  |v 59500.00  |w 2019-11-24  |y BK  |z Catalogado en:20190906  |k DER